LEADER 00723nam0-22002771i-450- 001 990000471810403321 005 20081128121209.0 035 $a000047181 035 $aFED01000047181 035 $a(Aleph)000047181FED01 035 $a000047181 100 $a20020821d1972----km-y0itay50------ba 101 0 $aita 105 $aa-------001yy 200 1 $a<>lavorazioni di officina$fEmilio Rinaldi 210 $aMilano$cHoepli$d©1972 215 $a419 p.$cill., tav.$d25 cm 610 0 $aTecnologia meccanica 676 $a671 700 1$aRinaldi,$bEmilio 801 0$aIT$bUNINA$gRICA$2UNIMARC 901 $aBK 912 $a990000471810403321 952 $a10 A I 116$b8266$fDINEL 959 $aDINEL 997 $aUNINA LEADER 01122cam0-2200337---450- 001 990005256810403321 005 20150721112252.0 035 $a000525681 035 $aFED01000525681 035 $a(Aleph)000525681FED01 035 $a000525681 100 $a19990604d1930----km-y0itay50------ba 101 0 $ager 102 $aDE 105 $ay-------001yy 200 1 $a<>Entwicklung der Sage von der Rückkehr der Herakliden$e(untersucht im Zusammenhang mit der politischen Geschichte des Peloponnes bis auf den 1. Messenischen Krieg)$fGerhard Vitalis 210 $aGreifswald$cHaus Adler$d1930 215 $a63 p.$d21 cm 225 1 $aAlte Geschichte 300 $aInaugural - Dissertation zur Erlangung der Doktorwürde der Philosophischen Fakultät der Universität Greifswald 610 0 $aGuerre messeniche 610 0 $aGrecia$aInvasioni doriche 676 $a938.01 676 $a938.6 700 1$aVitalis,$bGerhard$0205059 801 0$aIT$bUNINA$gRICA$2UNIMARC 901 $aBK 912 $a990005256810403321 952 $a938.01 VIT 1$bANT G.R. 630$fFLFBC 959 $aFLFBC 997 $aUNINA